| 000 | 00569nam a22001817a 4500 | ||
|---|---|---|---|
| 003 | LK-CoDNM | ||
| 005 | 20241101152508.0 | ||
| 008 | 241025b |||||||| |||| 00| 0 eng d | ||
| 040 |
_aLK-CoDNM _dLK-CoDNM _eLK-CoDNM |
||
| 041 | _asin | ||
| 080 |
_aප්ර.ස _b24C |
||
| 245 |
_aසත්ය කථා _c1846 1- 4 කලාපය _b1 - කාණ්ඩය |
||
| 300 | _a15p. : iLL ; 28 CM | ||
| 650 | _aප්ර.ස 23B | ||
| 650 | _a1846 1- 4 කලාපය | ||
| 650 | _aසත්ය මාර් ගය | ||
| 942 | _cBK | ||
| 999 |
_c225792 _d225792 |
||